The Pension Puzzle : Prerequisites and Policy Choices in Pension Design /

Looks at the policy choices involved in creating pension schemes, particularly whether it is advisable to move away from government pay-as-you-go pensions toward private or publicly funded plans. Examines the reasons for the controversy surrounding pension design, and whether the second level of pen...

Mô tả đầy đủ

Chi tiết về thư mục
Tác giả chính: Barr, N.
Định dạng: Tạp chí
Ngôn ngữ:English
Được phát hành: Washington, D.C. : International Monetary Fund, 2002.
Loạt:Economic Issues; Economic Issues ; No. 2002/002
Truy cập trực tuyến:Full text available on IMF
LEADER 01426cas a2200241 a 4500
001 AALejournalIMF012651
008 230101c9999 xx r poo 0 0eng d
020 |c 5.00 USD 
020 |z 9781589061118 
022 |a 1020-5098 
040 |a BD-DhAAL  |c BD-DhAAL 
100 1 |a Barr, N. 
245 1 4 |a The Pension Puzzle :   |b Prerequisites and Policy Choices in Pension Design /  |c N. Barr. 
264 1 |a Washington, D.C. :  |b International Monetary Fund,  |c 2002. 
300 |a 1 online resource (28 pages) 
490 1 |a Economic Issues 
500 |a <strong>Off-Campus Access:</strong> No User ID or Password Required 
500 |a <strong>On-Campus Access:</strong> No User ID or Password Required 
506 |a Electronic access restricted to authorized BRAC University faculty, staff and students 
520 3 |a Looks at the policy choices involved in creating pension schemes, particularly whether it is advisable to move away from government pay-as-you-go pensions toward private or publicly funded plans. Examines the reasons for the controversy surrounding pension design, and whether the second level of pension systems should be mandatory, private, funded, and defined-contribution. 
538 |a Mode of access: Internet 
830 0 |a Economic Issues; Economic Issues ;  |v No. 2002/002 
856 4 0 |z Full text available on IMF  |u http://elibrary.imf.org/view/books/051/07216-9781589061118-en/07216-9781589061118-en-book.xml  |z IMF e-Library